000 00968nam a22002537a 4500
005 20170124103043.0
010 _aA-761199
020 _c50.00
035 _aA-761199
037 _bCen Lib/Ret
040 _aDPL
_bHN
082 _a
_bदसमं
100 _aदास, मंजुला
_968065
245 _aमुझे इन्तजार था /
_cमंजुला दास
246 _aMujhe intzar tha /
_bby Manjula Das
260 _aनई दिल्ली
_bनालंदा प्रकाशन
_c1995
270 _bनई दिल्ली
_a33/1, महरौली
_e110030
300 _a101पृ.
_c18सेमी (सजिल्द)
650 _aहिन्दी साहित्य
_968066
650 _aहिन्दी साहित्य -- कहानियां
_968067
650 _aHindi literature
_968068
650 _aHindi literature -- Stories
_968069
942 _2ddc
_cHN
_h
_mदसमं
999 _c116737
_d116737